000 00704nam a2200241 i 4500
001 C2-0239892
003 PPAK
005 20240408130057.0
008 020708s1967 my f 0 may d
020 _qpaperback
040 _aPPAK
_beng
_cPPAK
_erda
082 0 4 _a899.2213
_223
090 0 0 _a899.2213
_bMOT
_dKWI
100 0 _aMotinggo Boestami,
_d1936-
_eauthor.
245 1 0 _aSA-JUTA MATAHARI /
_coleh Motinggo Boesje
264 1 _aKuala Lumpur :
_bPenerbitan Utusan Melayu Berhad,
_c1967
300 _a69 pages ;
_c18 cm
336 _2rdacontent
_atext
337 _2rdamedia
_aunmediated
338 _2rdacarrier
_avolume
650 1 0 _aIndonesian fiction
942 _cB
_2ddc
999 _c55149
_d55149